000 00345 a2200145 4500
999 _c12283
_d12283
003 OSt
005 20240117120917.0
008 240117b ||||| |||| 00| 0 eng d
020 _a9780367865214
082 _a729.29
_bVIG
100 _aVigran, Tor Erik
245 _aBuilding acoustics
260 _bCRC Press; 1st edition
_c2019
942 _2ddc